000
00270nam a2200109Ia 4500
001
1265652
005
20260417142031.0
008
260417s9999 xx 000 0 und d
020
_a
9789752898578
245
0
_a
Raziye
_c
Melih Cevdet Anday
260
_b
Everest Yayınları
999
_c
1265652
_d
1265652